| 000 | 00728nam a2200217Ia 4500 | ||
|---|---|---|---|
| 003 | GCL | ||
| 008 | 140319s9999 xx 000 0 ara d | ||
| 040 |
_aGCL / _cGCL |
||
| 082 | 0 | 4 |
_a301.3 _bم ت |
| 100 | 1 | _aمحمد يسرى ابراهيم دعبس | |
| 245 | 1 | 0 |
_aتلوث البيئة وتحديات البقاء : رؤية انثربولوجية / _cمحمد يسرى ابراهيم دعبس |
| 300 | _a562 ص | ||
| 490 |
_aعلم الانسان وقضايا المجتمع _v0 |
||
| 650 | 0 | 4 | _aالبيئة |
| 650 | 0 | 4 | _aتلوث البيئة |
| 650 | 0 | 4 | _aتلوث المياه |
| 650 | 0 | 4 | _aتلوث الهواء |
| 650 | 0 | 4 | _aالاجتماع، علم |
| 650 | 0 | 4 | _aتلوث المحيطات |
| 942 |
_2ddc _cBK |
||
| 999 |
_c49173 _d49173 |
||